000 00801nam a2200253Ia 4500
003 OSt
005 20220927105904.0
006 a|||||r|||| 00| 0
007 ta
008 220926b |||||||| |||| 00| 0 eng d
024 _a26265
037 _cReference Collections
040 _aRTL
_cRTL
_beng
041 _2eng
_aeng
082 _a"X:533.1(X).N7, L3"
111 _aUnited Nations Conference on Trade and Development
245 0 _aCurrent problems of economic integration
_b The distribution of benefits and costs in integration among developing countries
260 _aNew
_bYork United Nations
_c1973
300 _a"v, 102p."
_ccm.
650 _a Free Trade
650 _aEconomics
942 _h"X:533.1(X).N7, L3"
_cCC
999 _c695092
_d695092